sombr Charting Songs (Billboard Hot 100) - Statistics

General Stats
  • This quiz has been taken 125 times
    16 since last reset
  • The average score is 5 of 5
Answer Stats
Album Weeks On Peak Artist(s) Song % Correct
I Barely Know Her 28 Weeks #41 sombr 12 to 12
100%
I Barely Know Her 29 Weeks #17 sombr undressed
100%
I Barely Know Her 52 Weeks #7 sombr back to friends
92%
Non-Album Single 16 Weeks #19 sombr Homewrecker
83%
Non-Album Single 2 Weeks #61 sombr Potential
75%
No matching quizzes found
Score Distribution
Percent of People with Each Score
Percentile by Number Answered
Your Score History
You have not taken this quiz since the last reset